Антология мировой политической мысли. Т. 3: Политическая мысль в России X - первая половина XIX в. (Запись № 6991322)

Подробности
000 -МАРКЕР
контрольное поле 01443nam2a22002531 4500
001 - ИДЕНТИФИКАТОР ЗАПИСИ
контрольное поле rc\714932
005 - ИДЕНТИФИКАТОР ВЕРСИИ
контрольное поле 20250621233023.0
010 ## - МЕЖДУНАРОДНЫЙ СТАНДАРТНЫЙ НОМЕР КНИГИ (ISBN)
Номер (ISBN) 5-244-00869-2
Тираж 10000
035 ## - ДРУГИЕ СИСТЕМНЫЕ НОМЕРА
Идентификатор записи (NLR Aleph) 005977245
100 ## - ДАННЫЕ ОБЩЕЙ ОБРАБОТКИ
Данные общей обработки 20070321d1997 |||y0rusy50 ca
101 0# - ЯЗЫК РЕСУРСА
Язык текста, звукозаписи и т.д. русский
102 ## - СТРАНА ПУБЛИКАЦИИ ИЛИ ПРОИЗВОДСТВА
Страна публикации Российская Федерация
105 ## - ПОЛЕ КОДИРОВАННЫХ ДАННЫХ: ТЕКСТОВЫЕ МАТЕРИАЛЫ, МОНОГРАФИЧЕСКИЕ
Кодированные данные о монографическом текстовом документе y |||||||||
200 1# - ЗАГЛАВИЕ И СВЕДЕНИЯ ОБ ОТВЕТСТВЕННОСТИ
Основное заглавие Политическая мысль в России X - первая половина XIX в.
Первые сведения об ответственности [Редкол.: отв. ред. В.Н. Шевченко, д. филос. н., д. чл. Акад. полит. наук, ред.-сост.: В.Ф. Пустарнаков, д. филос. н., А.С. Фалина, к. э. н.]
210 ## - ПУБЛИКАЦИЯ, РАСПРОСТРАНЕНИЕ И ДР.
Дата издания, распространения и т.д. 1997
Место издания, распространения и т.д. Б. м.
215 ## - ФИЗИЧЕСКАЯ ХАРАКТЕРИСТИКА
Специфическое обозначение материала и объем 799 с.
320 ## - ПРИМЕЧАНИЯ О НАЛИЧИИ В ДОКУМЕНТЕ БИБЛИОГРАФИИ / УКАЗАТЕЛЯ
Текст примечания Библиогр. в конце разделов
461 #0 - УРОВЕНЬ НАБОРА
Встроенное поле 001rc\1190095
-- 2001#$aАнтология мировой политической мысли$eВ 5 т.$f[Нац.-обществ. науч. фонд, Акад. полит. науки]$gРед.-науч. совет: пред. - Г.Ю. Семигин, д. полит. н., д. чл. Акад. полит. наук и др.]$vТ. 3
Системный номер (АБИС) связанной записи 6964745
Место публикации М.
Дата публикации 1997
Первые сведения об ответственности [Нац.-обществ. науч. фонд, Акад. полит. науки]
Имя издателя, распространителя и т.д. Мысль
Сведения, относящиеся к заглавию В 5 т.
Заглавие Антология мировой политической мысли
Номер тома Т. 3
801 #0 - ИСТОЧНИК ЗАПИСИ
Страна Российская Федерация
Организация NLR
Правила каталогизации psbo
801 #1 - ИСТОЧНИК ЗАПИСИ
Страна Российская Федерация
Организация ELAR
Источник данных rusmarc
852 ## - МЕСТОНАХОЖДЕНИЕ И ШИФР ХРАНЕНИЯ
Идентификатор организации NLR
Шифр хранения (Call Number) 97-5/2090
942 ## - ДОПОЛНИТЕЛЬНЫЕ ЭЛЕМЕНТЫ ЗАПИСИ (АБИС)
Тип экземпляра АБИС Книга
980 ## - КОЛЛЕКЦИЯ
Название коллекции Национальная библиография
Экземпляры
Тип экземпляра Дата поступления Библиотека постоянного хранения Библиотека текущего хранения Место хранения Шифр хранения Штрих-код Статус экземпляра
Книга 26.10.2013 РНБ (Московский) РНБ (Московский) Русский книжный фонд: издания с 1957 года 97-5/2090 1-1158059